| 000 | 00620nam a22002177a 4500 | ||
|---|---|---|---|
| 003 | UA-OsUOA | ||
| 001 | 50709 | ||
| 007 | ta | ||
| 008 | 20071123b un ||||| |||| 00| 0 ukr d | ||
| 100 | _aЛісовий В. | ||
| 090 |
_a101 _bЛ-12 |
||
| 942 | _cSA | ||
| 040 |
_aUA-OsUOA _bukr _cUA-OsUOA _dUA-OsUOA |
||
| 245 | _aУкраїнська філософська думка 60-80-х років (стаття перша) | ||
| 300 | _aС.64-81 | ||
| 955 | _a0 | ||
| 041 | _aukr | ||
| 080 | _a101 | ||
| 773 | 0 |
_w50708 _tФілософська думка _dК. _d2007 _g3 |
|
| 650 | 7 |
_a1 Філософські науки _2UDC |
|
| 999 |
_c336799 _d336799 |
||